000 00285nam a22001337a 4500
008 170130b xxu||||| |||| 00| 0 eng d
020 _a006013223X
041 _aeng
080 _a61
100 _a3
101 _aSHMI
245 _aFAMILY MEDICAL GUIDE
_cNOURSE, A.E
942 _2udc
_cBK
999 _c4017
_d4017